| 000 | 00636nam a2200193Ia 4500 | ||
|---|---|---|---|
| 003 | STCL | ||
| 008 | 230726s9999 xx 000 0 und d | ||
| 020 | _a9781857886757 | ||
| 040 |
_aSTCL _cSTCL _bEN |
||
| 082 | _222 | ||
| 100 | _aButler-Bowdon, Tom | ||
| 245 | 0 | _a50 business classics: your shortcut to the most important ideas on innovation, management, and strategy | |
| 246 | _aFifty business classics: your shortcut to the most important idea on innovation management and strategy | ||
| 260 |
_bNicholas Brealey Publishing _aLondon _c2018 |
||
| 300 | _a390 p | ||
| 365 | _b599 | ||
| 546 | _aEnglish | ||
| 942 |
_2DDC _e22 _cBKDDC |
||
| 999 |
_c89384 _d89384 |
||